| 000 | 00525nam a2200169 i 4500 | ||
|---|---|---|---|
| 001 | 46618 | ||
| 003 | ES-MaACL | ||
| 005 | 20230906161423.0 | ||
| 007 | t| | ||
| 008 | 030331m19221923sp ||||1| spa d | ||
| 111 | 2 |
_aCongreso Nacional de Riegos ( _n3º. _d1921. _cValencia) _9559 |
|
| 245 | 1 | 0 |
_aIII Congreso Nacional de Riegos _b: Valencia, 1921. |
| 260 |
_aValencia : _b[s.n., _c1922-1923] ( _fImp. Hijo F. Vives Mora) |
||
| 300 |
_a3 v., 90 lám. ; _c22 cm. |
||
| 500 | _aEs el volumen I. | ||
| 852 |
_aES-MaACL _jB-13635-37 |
||
| 999 |
_c46618 _d46618 |
||